<?xml version="1.0" encoding="UTF-8"?>
<record
    xmlns:xsi="http://www.w3.org/2001/XMLSchema-instance"
    xsi:schemaLocation="http://www.loc.gov/MARC21/slim http://www.loc.gov/standards/marcxml/schema/MARC21slim.xsd"
    xmlns="http://www.loc.gov/MARC21/slim">

  <leader>00997cam a22002531  4500</leader>
  <controlfield tag="001">hew68000049 </controlfield>
  <controlfield tag="003">DLC</controlfield>
  <controlfield tag="005">20260227111517.0</controlfield>
  <controlfield tag="008">710901s1968    dcu      b    00010 eng c</controlfield>
  <datafield tag="010" ind1=" " ind2=" ">
    <subfield code="a">hew68000049 //r903</subfield>
  </datafield>
  <datafield tag="040" ind1=" " ind2=" ">
    <subfield code="a">U.S. Dept. of Health, Education, and Welfare. Library  HV741</subfield>
    <subfield code="c">DLC</subfield>
    <subfield code="d">DLC</subfield>
  </datafield>
  <datafield tag="043" ind1=" " ind2=" ">
    <subfield code="a">n-us---</subfield>
  </datafield>
  <datafield tag="050" ind1="0" ind2="0">
    <subfield code="a">HV9104</subfield>
    <subfield code="b">.M26</subfield>
  </datafield>
  <datafield tag="051" ind1=" " ind2=" ">
    <subfield code="a">HV741</subfield>
    <subfield code="b">.A32 no. 455</subfield>
    <subfield code="c">Copy 3.</subfield>
  </datafield>
  <datafield tag="082" ind1="0" ind2="0">
    <subfield code="a">364.8/0973</subfield>
  </datafield>
  <datafield tag="100" ind1="1" ind2="0">
    <subfield code="a">Manella, Raymond L.</subfield>
  </datafield>
  <datafield tag="245" ind1="1" ind2="0">
    <subfield code="a">Post-institutional services for delinquent youth</subfield>
    <subfield code="c">[by] Raymond L. Manella.</subfield>
  </datafield>
  <datafield tag="260" ind1="0" ind2=" ">
    <subfield code="a">[Washington]</subfield>
    <subfield code="b">U.S. Dept. of Health, Education, and Welfare, Children's Bureau; [for sale by Supt. of Docs., U.S. Govt. Print. Off.]</subfield>
    <subfield code="c">1967 [i.e. 1968]</subfield>
  </datafield>
  <datafield tag="300" ind1=" " ind2=" ">
    <subfield code="a">50 p.</subfield>
    <subfield code="c">24 cm.</subfield>
  </datafield>
  <datafield tag="490" ind1="1" ind2=" ">
    <subfield code="a">Children's Bureau. Publication no. 455</subfield>
  </datafield>
  <datafield tag="504" ind1=" " ind2=" ">
    <subfield code="a">Bibliographical footnotes.</subfield>
  </datafield>
  <datafield tag="650" ind1=" " ind2="0">
    <subfield code="a">Juvenile delinquents</subfield>
    <subfield code="x">Rehabilitation</subfield>
    <subfield code="z">United States.</subfield>
  </datafield>
  <datafield tag="830" ind1=" " ind2="0">
    <subfield code="a">Bureau publication (United States. Children's Bureau) ;</subfield>
    <subfield code="v">no. 455.</subfield>
  </datafield>
  <datafield tag="999" ind1=" " ind2=" ">
    <subfield code="c">34768</subfield>
    <subfield code="d">34768</subfield>
  </datafield>
</record>
